00623nam a2200169 a 450000500170000000800410001702000180005805000240007610000220010024500610012225000180018326000620020130000210026365000360028499900190032095201140033920140412111228.0020416s19uu xx 00 eng d a0-673-23911-X aTR(GS 500bB63 1988 aBolster, L. Carey aInvitation to mathematics: 1 /cL. Carey Bolster, et al. aTeacher's Ed. aGlenview, Illinois :bScott, Foresman and Company,c1988. aT55D; 494p. ill. aMathematicsxStudy and teaching c102108d102108 001040aELbELcTRd2002-04-16eLib. Fundl0oTR(GS 500 B63 1988pE0541r2014-04-12 00:00:00w2014-04-12yBK